[Event "PHzene19"]
[Site "Zagreb, Masarykova 22"]
[Date "2019.05.08"]
[Round "3.7"]
[White "Smetisko, Marija"]
[Black "Bedic, Noemi"]
[Result "0-1"]
[WhiteElo "1850"]
[BlackElo "1392"]
[PlyCount "66"]
[EventDate "2019.??.??"]

1. e4 e5 2. Nf3 Nc6 3. Bc4 Bc5 4. c3 Qe7 5. d3 Nf6 6. Bg5 d6 7. Nbd2 Be6 8. h3
a6 9. Bb3 Ba7 10. Nf1 h6 11. Bh4 g5 12. Bg3 Nh5 13. Ba4 Bd7 14. Bh2 Nf4 15.
Bxf4 gxf4 16. g3 Rg8 17. g4 h5 18. g5 f6 19. Qb3 O-O-O 20. h4 b5 21. Bxb5 axb5
22. Qxb5 Nb8 23. Qc4 Qe6 24. Qb4 Qg4 25. N1h2 Qg2 26. Rf1 Bg4 27. Nxg4 hxg4 28.
Nd2 fxg5 29. Nc4 gxh4 30. Na5 Bb6 31. Nc4 Bc5 32. Qb5 g3 33. Na5 Bxf2+ 0-1

[Event "PHzene19"]
[Site "Zagreb, Masarykova 22"]
[Date "2019.05.08"]
[Round "3.8"]
[White "Arnold, Dora"]
[Black "Maroslavac, Ivana"]
[Result "0-1"]
[WhiteElo "1482"]
[BlackElo "1825"]
[PlyCount "98"]
[EventDate "2019.??.??"]

1. e4 e5 2. Nf3 Nc6 3. Bc4 Bc5 4. c3 Nf6 5. d3 a6 6. Bb3 d6 7. O-O h6 8. Be3
Bxe3 9. fxe3 O-O 10. Nbd2 Re8 11. Bc2 b5 12. d4 exd4 13. exd4 Bb7 14. Re1 Qd7
15. Nh4 Ne7 16. e5 dxe5 17. Rxe5 Ned5 18. Nhf3 Rxe5 19. Nxe5 Qe6 20. Qf3 Re8
21. Rf1 Bc8 22. Bb3 c6 23. h3 Rf8 24. Bc2 Nd7 25. Qd3 g6 26. Ndf3 Nxe5 27. Nxe5
Qd6 28. Qd2 Kg7 29. Qf2 Be6 30. Qg3 Ne7 31. Qf3 Bd5 32. Qf2 Be6 33. Qf6+ Kg8
34. Ng4 Kh7 35. Ne5 Kg8 36. Ng4 Kh7 37. Qh4 Bxg4 38. hxg4 Ng8 39. g5 Qe7 40.
Bb3 Qe3+ 41. Kh1 Kg7 42. gxh6+ Qxh6 43. Qxh6+ Nxh6 44. Re1 Kf6 45. Kh2 Rd8 46.
Kh3 Nf5 47. Rf1 Kg7 48. g4 Rh8+ 49. Kg2 Ne3+ 0-1

[Event "PHzene19"]
[Site "Zagreb, Masarykova 22"]
[Date "2019.05.08"]
[Round "3.9"]
[White "Purkic, Ruza"]
[Black "Spilek, Kristina"]
[Result "1-0"]
[WhiteElo "1443"]
[BlackElo "1384"]
[PlyCount "69"]
[EventDate "2019.??.??"]

1. c4 e6 2. d4 d5 3. Nf3 Nf6 4. g3 Be7 5. Bg2 O-O 6. O-O Nbd7 7. Nc3 c5 8. cxd5
exd5 9. Ne5 cxd4 10. Nxd7 Qxd7 11. Qxd4 Rd8 12. Rd1 Qc6 13. Nxd5 Nxd5 14. Bxd5
Qf6 15. Qc4 Be6 16. e4 Qf3 17. Be3 Bh3 18. e5 Qh5 19. Bd4 Rac8 20. Qb3 b6 21.
Bg2 Be6 22. Qf3 Qxf3 23. Bxf3 Rc4 24. Bc3 Rxd1+ 25. Rxd1 Rc7 26. a3 g6 27. Kg2
Bb3 28. Rd3 Bc4 29. Rd4 Be6 30. Be2 Bc5 31. Rd8+ Kg7 32. f4 Be7 33. Rd2 Rd7 34.
Rxd7 Bxd7 35. e6+ 1-0

[Event "PHzene19"]
[Site "Zagreb, Masarykova 22"]
[Date "2019.05.09"]
[Round "4.1"]
[White "Vujnovic, Patricija"]
[Black "Ivekovic, Tihana"]
[Result "1/2-1/2"]
[WhiteElo "2071"]
[BlackElo "2081"]
[PlyCount "27"]
[EventDate "2019.??.??"]

1. d4 d5 2. Nf3 Nf6 3. e3 c5 4. dxc5 e6 5. a3 Bxc5 6. b4 Be7 7. Bb2 O-O 8. Nbd2
a5 9. b5 Nbd7 10. Be2 b6 11. O-O Bb7 12. c4 Rc8 13. Rc1 Nc5 14. Nd4 1/2-1/2

[Event "PHzene19"]
[Site "Zagreb, Masarykova 22"]
[Date "2019.05.09"]
[Round "4.2"]
[White "Medic, Mirjana"]
[Black "Bevanda, Ema"]
[Result "1-0"]
[WhiteElo "2253"]
[BlackElo "1754"]
[PlyCount "85"]
[EventDate "2019.??.??"]

1. d4 e6 2. c4 d5 3. Nc3 Nf6 4. Nf3 Be7 5. Bf4 a6 6. e3 b6 7. Rc1 Nbd7 8. cxd5
exd5 9. Bd3 c5 10. dxc5 Nxc5 11. Bb1 Bb7 12. O-O O-O 13. Nd4 Bd6 14. Nce2 Bxf4
15. Nxf4 Qd6 16. Nf5 Qe5 17. Qd4 Qxd4 18. exd4 Nce4 19. Rc7 Rab8 20. Re1 Rfe8
21. Bxe4 Nxe4 22. f3 Nf6 23. Rec1 Kf8 24. Nd3 g6 25. Nd6 Re7 26. Ne5 Ne8 27.
Nd7+ Rxd7 28. Rxd7 Nxd6 29. Rxd6 Re8 30. Rxb6 Re7 31. b4 f5 32. a4 Ke8 33. Kf2
Kd8 34. Rd6+ Rd7 35. Rxd7+ Kxd7 36. b5 axb5 37. axb5 Kd6 38. Ke3 g5 39. h4 f4+
40. Kd2 h6 41. hxg5 hxg5 42. Rh1 Bc8 43. Rh6+ 1-0

[Event "PHzene19"]
[Site "Zagreb, Masarykova 22"]
[Date "2019.05.09"]
[Round "4.3"]
[White "Grgic, Neomi"]
[Black "Cvitan, Ena"]
[Result "1-0"]
[WhiteElo "1904"]
[BlackElo "2132"]
[PlyCount "79"]
[EventDate "2019.??.??"]

1. e4 c6 2. Nc3 d5 3. Qf3 d4 4. Bc4 e6 5. Nce2 c5 6. d3 Nc6 7. Qg3 Bd7 8. a3 h5
9. f4 h4 10. Qf2 Nf6 11. h3 Be7 12. Nf3 Qc7 13. O-O O-O-O 14. b4 Nh5 15. bxc5
Ng3 16. Nxg3 hxg3 17. Qxg3 Bxc5 18. Ne5 Nxe5 19. fxe5 f6 20. Bf4 g5 21. Bd2 Be7
22. Bb4 Bxb4 23. axb4 b5 24. Bb3 fxe5 25. Rf7 Rhf8 26. Raf1 Rxf7 27. Rxf7 Qd6
28. Qxg5 Rf8 29. Qe7 Qxe7 30. Rxe7 Kd8 31. Rg7 Ke8 32. g4 Rf7 33. Rg5 Rh7 34.
Kg2 Ke7 35. Rxe5 Kd6 36. Rg5 Be8 37. Kg3 a6 38. h4 Rf7 39. Rg8 Ke7 40. Bxe6 1-0

[Event "PHzene19"]
[Site "Zagreb, Masarykova 22"]
[Date "2019.05.09"]
[Round "4.4"]
[White "Blazeka, Mihaela"]
[Black "Spiranec, Noemi"]
[Result "1/2-1/2"]
[WhiteElo "2118"]
[BlackElo "2009"]
[PlyCount "111"]
[EventDate "2019.??.??"]

1. e4 e5 2. Nf3 Nc6 3. Bb5 a6 4. Ba4 Nf6 5. O-O b5 6. Bb3 Be7 7. d3 O-O 8. Bd5
Nxd5 9. exd5 Nb4 10. c4 bxc4 11. dxc4 e4 12. Ne1 a5 13. Nc3 f5 14. f3 Bc5+ 15.
Kh1 Qh4 16. fxe4 fxe4 17. Rxf8+ Kxf8 18. g3 Qf6 19. Ng2 Qf3 20. Be3 Bxe3 21.
Qxf3+ exf3 22. Nxe3 Nd3 23. b3 d6 24. Rf1 Ne5 25. Nb5 Bh3 26. Rf2 Ke7 27. Nxc7
Rf8 28. Ne6 Bxe6 29. dxe6 Kxe6 30. h3 g5 31. g4 h5 32. gxh5 Rh8 33. Kh2 Rxh5
34. Kg3 Rh8 35. Ng4 Nd3 36. Rxf3 Nc1 37. Rf6+ Ke7 38. Rf5 Nxa2 39. Rxa5 Nc1 40.
b4 Ne2+ 41. Kh2 Nf4 42. Ra3 Kd7 43. Nf2 Rc8 44. Ra7+ Ke6 45. Ne4 Rxc4 46. Nxg5+
Kf5 47. Nf7 Rxb4 48. Nxd6+ Ke5 49. Nf7+ Kf5 50. Ra5+ Kf6 51. Ng5 Nxh3 52. Nxh3
Rg4 53. Nf2 Rd4 54. Kg3 Ke6 55. Kf3 Rd5 56. Ra6+ 1/2-1/2

[Event "PHzene19"]
[Site "Zagreb, Masarykova 22"]
[Date "2019.05.09"]
[Round "4.5"]
[White "Radikovic, Anamarija"]
[Black "Bedic, Noemi"]
[Result "1-0"]
[WhiteElo "1918"]
[BlackElo "1392"]
[PlyCount "41"]
[EventDate "2019.??.??"]

1. d4 Nf6 2. Nf3 g6 3. Bf4 d5 4. e3 Bg7 5. Bd3 O-O 6. Nbd2 Nbd7 7. O-O c5 8. c3
b6 9. e4 dxe4 10. Nxe4 Bb7 11. Re1 Nxe4 12. Bxe4 Bxe4 13. Rxe4 Nf6 14. Re1 cxd4
15. Nxd4 Rc8 16. Qa4 Nd5 17. Bg3 a5 18. Rad1 Kh8 19. Nf3 Bxc3 20. bxc3 Nxc3 21.
Be5+ 1-0

[Event "PHzene19"]
[Site "Zagreb, Masarykova 22"]
[Date "2019.05.09"]
[Round "4.6"]
[White "Muha, Magdalena"]
[Black "Golub, Nikolina"]
[Result "1-0"]
[WhiteElo "1918"]
[BlackElo "1860"]
[PlyCount "77"]
[EventDate "2019.??.??"]

1. d4 d5 2. c4 e6 3. Nc3 Nf6 4. cxd5 exd5 5. Bg5 Be7 6. e3 h6 7. Bh4 c6 8. Qc2
Nbd7 9. Bd3 O-O 10. Nf3 Re8 11. O-O Ne4 12. Bxe7 Qxe7 13. Rab1 Ndf6 14. b4 Bf5
15. Nd2 Qd6 16. Bxe4 Nxe4 17. Ncxe4 Bxe4 18. Nxe4 Rxe4 19. b5 Rc8 20. Qa4 Ra8
21. bxc6 bxc6 22. Rfc1 Re6 23. Rb7 a5 24. Rb6 Rb8 25. Rxb8+ Qxb8 26. Qxa5 Qb2
27. Rf1 Re8 28. Qa6 Qc2 29. a4 Rb8 30. h3 Rb2 31. a5 Ra2 32. Qc8+ Kh7 33. a6
Qc4 34. Qf5+ Kg8 35. Rb1 f6 36. Rb8+ Kf7 37. Rb7+ Kg8 38. Qg6 Ra1+ 39. Kh2 1-0

[Event "PHzene19"]
[Site "Zagreb, Masarykova 22"]
[Date "2019.05.09"]
[Round "4.7"]
[White "Maroslavac, Ivana"]
[Black "Smetisko, Marija"]
[Result "1/2-1/2"]
[WhiteElo "1825"]
[BlackElo "1850"]
[PlyCount "129"]
[EventDate "2019.??.??"]

1. e4 e5 2. Nf3 d6 3. d4 Nd7 4. Nc3 c6 5. Bc4 Be7 6. a4 Ngf6 7. O-O O-O 8. h3
Qc7 9. Be3 Re8 10. dxe5 dxe5 11. Qe2 h6 12. Ne1 Nf8 13. Nd3 Be6 14. Bxe6 Nxe6
15. f3 Nh5 16. Qf2 Nhf4 17. Kh1 Nxd3 18. cxd3 Qd8 19. Rfd1 Bh4 20. g3 Be7 21.
Ne2 Qa5 22. d4 Red8 23. Qf1 Qb6 24. Qf2 Qa5 25. Qg1 b6 26. dxe5 Qxe5 27. b3 Qb2
28. Nd4 Nxd4 29. Rxd4 Rxd4 30. Bxd4 Qxb3 31. Qe3 Qe6 32. Kg2 Rd8 33. Qc3 Bf8
34. Be3 g6 35. Qc2 Qd7 36. a5 c5 37. axb6 axb6 38. Rb1 Qd3 39. Qxd3 Rxd3 40.
Kf2 c4 41. Ke2 Ba3 42. Bxb6 Rb3 43. Rxb3 cxb3 44. Kd2 Bb4+ 45. Kc1 Bc3 46. Bc5
f6 47. Ba3 Kf7 48. Bb2 Be1 49. g4 Bg3 50. Bc3 Ke6 51. Kb2 Be5 52. Kxb3 Bxc3 53.
Kxc3 Ke5 54. Kd3 Kf4 55. Ke2 h5 56. gxh5 gxh5 57. Kf2 h4 58. Ke2 Kg3 59. Ke3
Kxh3 60. Kf2 Kh2 61. f4 h3 62. e5 fxe5 63. fxe5 Kh1 64. e6 h2 65. e7 1/2-1/2

[Event "PHzene19"]
[Site "Zagreb, Masarykova 22"]
[Date "2019.05.09"]
[Round "4.8"]
[White "Trgovac, Mira"]
[Black "Smetisko, Lucija"]
[Result "0-1"]
[WhiteElo "1546"]
[BlackElo "1532"]
[PlyCount "130"]
[EventDate "2019.??.??"]

1. d4 d5 2. c4 Nf6 3. Nc3 g6 4. Nf3 Bg7 5. Bf4 O-O 6. e3 c6 7. Be2 Nh5 8. Be5
Bxe5 9. Nxe5 Nf6 10. O-O Nbd7 11. Nxd7 Qxd7 12. cxd5 Nxd5 13. Nxd5 cxd5 14. Rc1
Qd6 15. Rc3 Bd7 16. Qb3 Bc6 17. Rfc1 Rfc8 18. Bb5 Rab8 19. Qa4 Qd7 20. Bxc6
bxc6 21. b4 Kg7 22. a3 Rb6 23. Rc5 Qb7 24. h3 e6 25. R1c3 f6 26. Qd1 Rb5 27.
Rxb5 cxb5 28. Qc2 Rc4 29. Rxc4 dxc4 30. a4 a6 31. a5 Qd5 32. Qc3 Kf7 33. f3 e5
34. Kf2 exd4 35. exd4 Qd6 36. Ke3 Qe6+ 37. Kd2 Qd6 38. Kc2 Qf4 39. Kb2 Ke6 40.
g3 Qxg3 41. Qe3+ Kd7 42. Qe4 Qc7 43. Kc3 Qc6 44. d5 Qd6 45. f4 Qe7 46. Qd4 Qe1+
47. Kc2 Qe2+ 48. Kc1 c3 49. Qa7+ Kd6 50. Qc5+ Kd7 51. Qc6+ Ke7 52. d6+ Kf7 53.
Qc7+ Kf8 54. Qd8+ Kf7 55. Qc7+ Kf8 56. Qxc3 Qc4 57. Qxc4 bxc4 58. Kc2 Ke8 59.
Kc3 Kd7 60. Kxc4 Kxd6 61. Kd4 h6 62. Ke4 Kc6 63. h4 Kb5 64. Kd5 g5 65. fxg5
fxg5 0-1

[Event "PHzene19"]
[Site "Zagreb, Masarykova 22"]
[Date "2019.05.09"]
[Round "4.9"]
[White "Trgovac, Marta"]
[Black "Purkic, Ruza"]
[Result "0-1"]
[WhiteElo "1245"]
[BlackElo "1443"]
[PlyCount "94"]
[EventDate "2019.??.??"]

1. c4 c5 2. Nf3 g6 3. Nc3 Bg7 4. g3 Nc6 5. Bg2 Nf6 6. O-O O-O 7. a3 d6 8. Rb1
a5 9. b3 Rb8 10. Bb2 Bd7 11. d3 Ng4 12. Qc2 Nge5 13. Nd5 b5 14. cxb5 Rxb5 15.
Nxe5 Nxe5 16. Kh1 e6 17. Nc3 Rb8 18. f4 Ng4 19. Nd1 Nf6 20. Ne3 Qc7 21. Nc4 Bc6
22. e4 Ra8 23. e5 Bxg2+ 24. Qxg2 dxe5 25. Bxe5 Qa7 26. a4 Nd5 27. Bxg7 Kxg7 28.
Ne5 Ne3 29. Qb2 Qb7+ 30. Nf3+ Kg8 31. Rf2 Qd5 32. Qe2 Ng4 33. Rff1 Rfd8 34.
Rfd1 Rab8 35. h3 Nf6 36. Kg2 Rxb3 37. Rxb3 Qxb3 38. Ra1 Rxd3 39. Ra2 Rxf3 40.
Rb2 Rxg3+ 41. Kf2 Qc3 42. Qe5 Qf3+ 43. Ke1 Qh1+ 44. Kd2 Qh2+ 45. Qe2 Ne4+ 46.
Ke1 Rg1+ 47. Qf1 Qg3+ 0-1

[Event "PHzene19"]
[Site "Zagreb, Masarykova 22"]
[Date "2019.05.09"]
[Round "4.10"]
[White "Vuljanic, Ana"]
[Black "Arnold, Dora"]
[Result "0-1"]
[WhiteElo "1440"]
[BlackElo "1482"]
[PlyCount "34"]
[EventDate "2019.??.??"]

1. d4 Nf6 2. c4 g6 3. Nc3 d5 4. cxd5 Nxd5 5. e4 Nxc3 6. bxc3 Bg7 7. Be3 c5 8.
Qd2 cxd4 9. cxd4 Nc6 10. Rd1 O-O 11. Bb5 Nxd4 12. Bxd4 Bxd4 13. Qxd4 Qa5+ 14.
Qd2 Qxb5 15. h3 Be6 16. Nf3 Qc4 17. Qh6 Qxe4+ 0-1

[Event "PHzene19"]
[Site "Zagreb, Masarykova 22"]
[Date "2019.05.10"]
[Round "5.1"]
[White "Ivekovic, Tihana"]
[Black "Medic, Mirjana"]
[Result "1/2-1/2"]
[WhiteElo "2081"]
[BlackElo "2253"]
[PlyCount "85"]
[EventDate "2019.??.??"]

1. d4 Nf6 2. c4 e6 3. g3 d5 4. Nf3 c5 5. cxd5 exd5 6. Bg2 Nc6 7. Nc3 c4 8. O-O
Be7 9. Ne5 Qb6 10. Nxd5 Nxd5 11. Bxd5 Nxe5 12. dxe5 O-O 13. Qc2 Bh3 14. Be3 Qb5
15. Rfd1 Rac8 16. Be4 g6 17. Bd4 Bc5 18. Qc3 Rfe8 19. Bd5 Be6 20. e4 Bb4 21.
Qf3 a5 22. Bc3 Qa6 23. Bxe6 Qxe6 24. Rd5 b6 25. Rad1 Bf8 26. Qe2 Qc6 27. Qe3
Ra8 28. Bd4 b5 29. Bc5 Rac8 30. Bxf8 Rxf8 31. f4 b4 32. Rd6 Qc5 33. Kf2 c3 34.
bxc3 Qxe3+ 35. Kxe3 Rxc3+ 36. R6d3 Rc2 37. R1d2 Rfc8 38. Rxc2 Rxc2 39. Rd2 Rc3+
40. Rd3 Rc2 41. Rd2 Rc3+ 42. Rd3 Rc2 43. Rd2 1/2-1/2

[Event "PHzene19"]
[Site "Zagreb, Masarykova 22"]
[Date "2019.05.10"]
[Round "5.2"]
[White "Radikovic, Anamarija"]
[Black "Vujnovic, Patricija"]
[Result "1/2-1/2"]
[WhiteElo "1918"]
[BlackElo "2071"]
[PlyCount "85"]
[EventDate "2019.??.??"]

1. d4 c5 2. d5 d6 3. Nf3 g6 4. e4 Nf6 5. Nc3 Bg7 6. h3 O-O 7. Be2 Nbd7 8. O-O
Ne8 9. Be3 Nc7 10. Qd2 Rb8 11. Bh6 b5 12. Bxg7 Kxg7 13. a4 b4 14. Nb5 a6 15.
Na7 Bb7 16. c3 Nf6 17. cxb4 Nxe4 18. Qc2 Bxd5 19. Rfd1 Rxb4 20. Rxd5 Nxd5 21.
Nc6 Qa8 22. Nxb4 Nxb4 23. Qb3 a5 24. Rd1 Nf6 25. Qc4 Qe4 26. Qb5 Nbd5 27. Bc4
Qc2 28. Rxd5 Nxd5 29. Bxd5 Qd1+ 30. Kh2 Qxd5 31. Qxa5 Ra8 32. Qc3+ f6 33. a5 c4
34. Qe3 e5 35. Qb6 e4 36. Nd2 Rxa5 37. Nxc4 Rc5 38. Nxd6 Rc6 39. Qa7+ Kg8 40.
Qa8+ Kg7 41. Qa7+ Kg8 42. Qa8+ Kg7 43. Qa7+ 1/2-1/2

[Event "PHzene19"]
[Site "Zagreb, Masarykova 22"]
[Date "2019.05.10"]
[Round "5.3"]
[White "Spiranec, Noemi"]
[Black "Grgic, Neomi"]
[Result "1-0"]
[WhiteElo "2009"]
[BlackElo "1904"]
[PlyCount "87"]
[EventDate "2019.??.??"]

1. e4 e5 2. Nf3 Nc6 3. Bb5 a6 4. Ba4 Nf6 5. O-O Be7 6. Re1 b5 7. Bb3 d6 8. c3
O-O 9. h3 Nb8 10. d4 Nbd7 11. c4 c5 12. dxe5 dxe5 13. Nc3 Rb8 14. a4 Qa5 15.
cxb5 axb5 16. Bd2 b4 17. Nd5 Nxd5 18. Bxd5 Bb7 19. Bg5 Bxg5 20. Nxg5 Nf6 21.
Qb3 Qc7 22. Bxb7 Rxb7 23. Rac1 Ra7 24. Rc4 h6 25. Nf3 Rfa8 26. Rec1 Nd7 27.
Rxb4 Qc6 28. Rcc4 Qd6 29. Rb5 Ra6 30. Qc2 Rc8 31. b3 Rcc6 32. Ne1 Nb6 33. Rcxc5
Rxc5 34. Rxc5 Nd7 35. Rd5 Qe6 36. Qc8+ Nf8 37. Rd8 Qxc8 38. Rxc8 Rb6 39. Nd3
Rxb3 40. Nxe5 Rb7 41. a5 f6 42. Ng6 Rf7 43. Rxf8+ Rxf8 44. Nxf8 1-0

[Event "PHzene19"]
[Site "Zagreb, Masarykova 22"]
[Date "2019.05.10"]
[Round "5.4"]
[White "Smetisko, Lucija"]
[Black "Blazeka, Mihaela"]
[Result "0-1"]
[WhiteElo "1532"]
[BlackElo "2118"]
[PlyCount "100"]
[EventDate "2019.??.??"]

1. e4 e5 2. Nf3 Nc6 3. Bc4 Bc5 4. c3 Nf6 5. d3 O-O 6. O-O d5 7. exd5 Nxd5 8. b4
Be7 9. a4 Bf6 10. Bd2 Ndxb4 11. cxb4 e4 12. Ra2 exf3 13. Qxf3 Ne5 14. Qe2 Re8
15. Be3 Ng4 16. h3 Nxe3 17. fxe3 Qe7 18. Nd2 Be6 19. Bxe6 Qxe6 20. Ne4 Be7 21.
Rc2 c6 22. Rb1 b6 23. Kf2 f5 24. Nd2 Bh4+ 25. Kf1 Qxe3 26. Qxe3 Rxe3 27. Nf3
Bf6 28. Rxc6 Rxd3 29. a5 Rb8 30. axb6 Rxb6 31. Rxb6 axb6 32. Ke2 Rd5 33. b5 Kf7
34. Rb4 Ke6 35. Rb3 Kd6 36. g3 Kc5 37. Nd2 Rd4 38. Nb1 Rb4 39. Rxb4 Kxb4 40.
Kd3 Kxb5 41. Na3+ Ka4 42. Nc4 b5 43. Ne3 g6 44. Nd5 Be5 45. g4 f4 46. Ke4 Bd6
47. h4 b4 48. h5 b3 49. Nc3+ Kb4 50. Kd3 f3 0-1

[Event "PHzene19"]
[Site "Zagreb, Masarykova 22"]
[Date "2019.05.10"]
[Round "5.5"]
[White "Bevanda, Ema"]
[Black "Cvitan, Ena"]
[Result "0-1"]
[WhiteElo "1754"]
[BlackElo "2132"]
[PlyCount "40"]
[EventDate "2019.??.??"]

1. d4 d5 2. Bf4 c5 3. c3 Nc6 4. e3 Nf6 5. Nf3 cxd4 6. exd4 Bg4 7. Be2 e6 8.
Nbd2 Bd6 9. Bg3 Bxg3 10. hxg3 O-O 11. Qc2 h6 12. Nf1 Rc8 13. Qd2 Ne4 14. Qf4 f5
15. Qe3 Qb6 16. Rb1 Bxf3 17. gxf3 Nxc3 18. Qxc3 Nxd4 19. Qd3 Nc2+ 20. Kd2 Qb4+
0-1

[Event "PHzene19"]
[Site "Zagreb, Masarykova 22"]
[Date "2019.05.10"]
[Round "5.6"]
[White "Purkic, Ruza"]
[Black "Muha, Magdalena"]
[Result "1/2-1/2"]
[WhiteElo "1443"]
[BlackElo "1918"]
[PlyCount "105"]
[EventDate "2019.??.??"]

1. e4 e6 2. Qe2 Be7 3. Nf3 d5 4. Nc3 Nf6 5. e5 Nfd7 6. d4 c5 7. g3 Nc6 8. Bh3
cxd4 9. Nb5 O-O 10. Nbxd4 Ndxe5 11. c3 Nxf3+ 12. Nxf3 d4 13. cxd4 Nxd4 14. Nxd4
Qxd4 15. O-O Rd8 16. Be3 Qf6 17. b3 b6 18. Rfd1 Bb7 19. Rac1 Rxd1+ 20. Qxd1 Rd8
21. Qf1 Bf3 22. Bg2 h6 23. Qc4 Ba3 24. Re1 Bxg2 25. Kxg2 Qe7 26. Qg4 Qb4 27.
Qe2 Qe4+ 28. Kg1 Qd5 29. Qg4 Kh8 30. Qf4 Rd7 31. h4 Bc5 32. Qb8+ Kh7 33. Bf4
Qd4 34. Be3 Qb4 35. Rf1 Bxe3 36. fxe3 Qd2 37. Qf4 Qxa2 38. Qe4+ g6 39. h5 Qxb3
40. Rxf7+ Rxf7 41. Qxg6+ Kh8 42. Qxf7 Qxe3+ 43. Kg2 Qe4+ 44. Kg1 Qe1+ 45. Kg2
Qd2+ 46. Kg1 Qg5 47. Kg2 b5 48. Qf8+ Kh7 49. Qf7+ Kh8 50. Qf8+ Kh7 51. Qf7+ Qg7
52. Qxe6 Qb7+ 53. Kh2 1/2-1/2

[Event "PHzene19"]
[Site "Zagreb, Masarykova 22"]
[Date "2019.05.10"]
[Round "5.7"]
[White "Bedic, Noemi"]
[Black "Maroslavac, Ivana"]
[Result "1/2-1/2"]
[WhiteElo "1392"]
[BlackElo "1825"]
[PlyCount "90"]
[EventDate "2019.??.??"]

1. e4 e5 2. Nf3 Nc6 3. Bb5 a6 4. Ba4 Nf6 5. O-O b5 6. Bb3 d6 7. c3 Be7 8. d3
O-O 9. Nbd2 Bb7 10. Re1 Na5 11. Bc2 c5 12. Nf1 Re8 13. d4 cxd4 14. cxd4 Bf8 15.
Ng3 g6 16. b3 Nc6 17. d5 Ne7 18. Bg5 Bg7 19. Qd2 Rc8 20. Rac1 Qd7 21. h3 Rc7
22. Bd3 Rec8 23. Bh6 Rxc1 24. Rxc1 Rxc1+ 25. Qxc1 Qc8 26. Qxc8+ Bxc8 27. Bd2
Ne8 28. Ne1 f5 29. f3 h6 30. Nc2 Kf7 31. a4 bxa4 32. bxa4 fxe4 33. fxe4 Ng8 34.
Nb4 Nc7 35. Be3 Nf6 36. Ne2 Nd7 37. Kf1 Nc5 38. Bxc5 dxc5 39. Na2 Bf8 40. Bc4
Ke7 41. Nec1 Ne8 42. Ke2 Nd6 43. Kd3 Ne8 44. Nb3 Kd8 45. Nac1 Nf6 1/2-1/2

[Event "PHzene19"]
[Site "Zagreb, Masarykova 22"]
[Date "2019.05.10"]
[Round "5.8"]
[White "Golub, Nikolina"]
[Black "Smetisko, Marija"]
[Result "1/2-1/2"]
[WhiteElo "1860"]
[BlackElo "1850"]
[PlyCount "47"]
[EventDate "2019.??.??"]

1. d4 Nf6 2. c4 g6 3. f3 c6 4. e4 d5 5. e5 Nfd7 6. cxd5 cxd5 7. Nc3 e6 8. f4
Nc6 9. Nf3 a6 10. Be2 Bg7 11. O-O O-O 12. Kh1 b5 13. a3 Nb6 14. b3 Bb7 15. Be3
Rc8 16. Qd2 Qe7 17. Qb2 Rc7 18. Rfc1 Rfc8 19. Nd1 Bf8 20. Bd3 Na5 21. Rxc7 Rxc7
22. Bd2 Nc6 23. Ne3 f5 24. Nd1 1/2-1/2

[Event "PHzene19"]
[Site "Zagreb, Masarykova 22"]
[Date "2019.05.10"]
[Round "5.9"]
[White "Spilek, Kristina"]
[Black "Trgovac, Mira"]
[Result "0-1"]
[WhiteElo "1384"]
[BlackElo "1546"]
[PlyCount "62"]
[EventDate "2019.??.??"]

1. e4 e6 2. d4 d5 3. exd5 exd5 4. Nf3 Nf6 5. Bd3 Bg4 6. O-O Be7 7. Bf4 O-O 8.
Nbd2 c6 9. c3 Bd6 10. Bg3 Bxg3 11. hxg3 Nbd7 12. Qc2 Qc7 13. Rfe1 h6 14. Re7
Rae8 15. Rae1 Rxe7 16. Rxe7 Be6 17. Qa4 Qd6 18. Qa3 Qxa3 19. bxa3 Rd8 20. Nh4
Kf8 21. Nf5 Bxf5 22. Re3 Bxd3 23. Rxd3 Re8 24. Kf1 Nb6 25. Nb3 Nc4 26. Nc5 b6
27. Na6 Nxa3 28. Nb4 Re6 29. f4 a5 30. Na6 Nc2 31. Rd2 Re1+ 0-1

[Event "PHzene19"]
[Site "Zagreb, Masarykova 22"]
[Date "2019.05.10"]
[Round "5.10"]
[White "Arnold, Dora"]
[Black "Trgovac, Marta"]
[Result "1-0"]
[WhiteElo "1482"]
[BlackElo "1245"]
[PlyCount "77"]
[EventDate "2019.??.??"]

1. e4 c5 2. Nf3 d6 3. d4 cxd4 4. Nxd4 Nf6 5. Nc3 a6 6. Be2 e6 7. O-O Be7 8. Be3
O-O 9. Qd2 b5 10. Bf3 e5 11. Nf5 Bb7 12. Rad1 b4 13. Na4 Nc6 14. Nxe7+ Nxe7 15.
Qxb4 Qc7 16. Nc3 Rfd8 17. Bb6 Qd7 18. Bxd8 Rxd8 19. Qc4 Rc8 20. Qd3 Ne8 21.
Rfe1 Qc7 22. Rd2 Ng6 23. g3 Nf8 24. Nd5 Bxd5 25. Qxd5 Ne6 26. Re3 Qb6 27. Rb3
Qc7 28. Rc3 Qb8 29. Rxc8 Qxc8 30. Bg4 h6 31. Qb3 h5 32. Bxe6 fxe6 33. Rd3 Kh7
34. Rc3 Qd7 35. Qb6 Qa4 36. Qc6 Qxc6 37. Rxc6 Kg6 38. Rxa6 Kf7 39. Ra7+ 1-0

[Event "PHzene19"]
[Site "Zagreb, Masarykova 22"]
[Date "2019.05.11"]
[Round "6.1"]
[White "Medic, Mirjana"]
[Black "Radikovic, Anamarija"]
[Result "1-0"]
[WhiteElo "2253"]
[BlackElo "1918"]
[PlyCount "95"]
[EventDate "2019.??.??"]

1. d4 Nf6 2. Nf3 g6 3. c4 Bg7 4. g3 O-O 5. Bg2 d6 6. O-O Nc6 7. d5 Na5 8. Nfd2
c5 9. Nc3 a6 10. Qc2 Bd7 11. b3 b5 12. Bb2 Rb8 13. Rab1 bxc4 14. bxc4 Ng4 15.
h3 Ne5 16. Nd1 Rb4 17. Ne3 Ba4 18. Qc1 Qc7 19. Bc3 Rxb1 20. Nxb1 Be8 21. Nd2
Bh6 22. f4 Nb7 23. Qb2 f6 24. Rb1 Na5 25. Qa3 Naxc4 26. Ndxc4 Nxc4 27. Nxc4 Bb5
28. Qb3 Qd7 29. e4 f5 30. e5 g5 31. Bd2 gxf4 32. Bxf4 Bxf4 33. gxf4 Kh8 34. Kh2
Rg8 35. Bf3 Qe8 36. Be2 Ba4 37. Qc3 Qg6 38. e6+ Rg7 39. Qf3 h6 40. Qf2 Qf6 41.
Rg1 Bb5 42. Rxg7 Qxg7 43. Qe3 Qa1 44. Nxd6 exd6 45. Bxb5 axb5 46. e7 Qb2+ 47.
Kg3 Qg7+ 48. Kf3 1-0

[Event "PHzene19"]
[Site "Zagreb, Masarykova 22"]
[Date "2019.05.11"]
[Round "6.2"]
[White "Spiranec, Noemi"]
[Black "Ivekovic, Tihana"]
[Result "1-0"]
[WhiteElo "2009"]
[BlackElo "2081"]
[PlyCount "91"]
[EventDate "2019.??.??"]

1. d4 d5 2. c4 c6 3. Nf3 Nf6 4. Qc2 g6 5. Bf4 Bf5 6. Qb3 Qb6 7. c5 Qxb3 8. axb3
Na6 9. Nc3 Nb4 10. Ra4 a5 11. Bc7 Bg7 12. h3 Nd7 13. e3 e5 14. Be2 Bc2 15. Bxa5
Nd3+ 16. Bxd3 Bxd3 17. Kd2 Ba6 18. Bc7 exd4 19. exd4 Bh6+ 20. Kc2 O-O 21. Re1
Rfe8 22. Raa1 f6 23. b4 Kf7 24. Bd6 Bf8 25. Bxf8 Nxf8 26. Rxe8 Rxe8 27. b5 Bxb5
28. Nxb5 cxb5 29. Kd3 Ne6 30. g3 Nd8 31. Ra5 Nc6 32. Rxb5 Re7 33. Rb6 Rd7 34.
Ne1 h5 35. Nc2 Ke7 36. h4 Na7 37. Rb3 Ke6 38. Ra3 Nc6 39. b4 g5 40. b5 Ne7 41.
Ne3 gxh4 42. gxh4 Ng6 43. Ng2 f5 44. Ra7 f4 45. f3 Re7 46. b6 1-0

[Event "PHzene19"]
[Site "Zagreb, Masarykova 22"]
[Date "2019.05.11"]
[Round "6.4"]
[White "Cvitan, Ena"]
[Black "Purkic, Ruza"]
[Result "1-0"]
[WhiteElo "2132"]
[BlackElo "1443"]
[PlyCount "75"]
[EventDate "2019.??.??"]

1. d4 g6 2. c4 Bg7 3. e4 c5 4. d5 e5 5. Bd3 d6 6. g4 Qh4 7. h3 h5 8. g5 Bg4 9.
Nf3 Bxf3 10. Qxf3 f6 11. Qg2 Ne7 12. Be3 f5 13. Nd2 fxe4 14. Nxe4 Nf5 15. O-O-O
Ke7 16. Nd2 Nd4 17. Rde1 Rf8 18. Rhf1 b5 19. f4 bxc4 20. Bxc4 Nd7 21. Bf2 Qxf4
22. Re4 Qf7 23. Bxd4 Qe8 24. Bc3 Nb6 25. Rxf8 Qxf8 26. Re1 Qf4 27. Rf1 Qe3 28.
Qf2 Qxf2 29. Rxf2 a5 30. Kc2 a4 31. h4 a3 32. b3 Rg8 33. Ba5 Nc8 34. Bd3 Bh8
35. Nc4 Kd7 36. Nxa3 Ne7 37. Be4 Ra8 38. Nc4 1-0

[Event "PHzene19"]
[Site "Zagreb, Masarykova 22"]
[Date "2019.05.11"]
[Round "6.5"]
[White "Maroslavac, Ivana"]
[Black "Muha, Magdalena"]
[Result "0-1"]
[WhiteElo "1825"]
[BlackElo "1918"]
[PlyCount "116"]
[EventDate "2019.??.??"]

1. e4 e6 2. d4 d5 3. Nc3 Bb4 4. e5 c5 5. a3 Bxc3+ 6. bxc3 Nc6 7. Qg4 Kf8 8. Ne2
Qa5 9. Bd2 Qa4 10. Kd1 Nxe5 11. Qg3 Nc4 12. dxc5 Nf6 13. f3 Qa5 14. Qf2 Nd7 15.
Nf4 Nxd2 16. Qxd2 Qxc5 17. Qd4 Qxd4+ 18. cxd4 b6 19. Bd3 Bb7 20. Re1 Rc8 21.
Kd2 g6 22. Rab1 Nb8 23. Rb3 Kg7 24. Reb1 Nc6 25. Ke3 Na5 26. R3b2 Rc3 27. Ra2
Rhc8 28. Kd2 R3c7 29. Ne2 Nc4+ 30. Bxc4 Rxc4 31. Rb4 Ba6 32. Rxc4 Bxc4 33. Rb2
Bxe2 34. Kxe2 Rc3 35. Ra2 Rc4 36. Kd3 b5 37. c3 Kf6 38. Rb2 a6 39. Re2 Ra4 40.
Ra2 Ke7 41. Kc2 g5 42. Kb3 f6 43. Re2 Kd6 44. g3 e5 45. Rd2 Rc4 46. Kc2 exd4
47. Rxd4 Rxd4 48. cxd4 a5 49. Kc3 Ke6 50. h3 Kf5 51. Kd3 h5 52. Ke3 g4 53.
hxg4+ hxg4 54. f4 b4 55. axb4 axb4 56. Kd3 b3 57. Kc3 Ke4 58. Kxb3 Kxd4 0-1